| 000 | 00497nam a22001937a 4500 | ||
|---|---|---|---|
| 003 | OSt | ||
| 005 | 20230726142452.0 | ||
| 008 | 160813s2003 cr||||| |||| 00| 0 spa d | ||
| 040 | _cladov | ||
| 082 | 0 | 4 |
_a708 _bP844l |
| 100 |
_9917 _aPorter, Liliana _eautor |
||
| 245 | _aLiliana Porter/ | ||
| 260 |
_c1990 _bThe World Gallery |
||
| 300 |
_a12p. _b22x22cm |
||
| 653 | 1 | 0 | _aARTE CONTEMPORANEO |
| 653 | 1 | 0 | _aCATALOGO |
| 653 | 1 | 0 | _aMUSEOS |
| 942 |
_2ddc _c1 _h708 _iP844l _n0 |
||
| 999 |
_c4112 _d4112 |
||